[Event "SVK-ch U18/20"]
[Site "Tatralandia"]
[Date "2024.04.10"]
[Round "7"]
[White "Skreko, Igor1"]
[Black "Bulej, Matej"]
[Result "1-0"]
[WhiteElo "2165"]
[BlackElo "2067"]
[PlyCount "69"]
[EventDate "2024.04.05"]
[EventType "swiss"]
[EventRounds "9"]
[EventCountry "SVK"]
[SourceTitle "CB16_2024"]
[SourceDate "2024.04.17"]
[SourceVersion "1"]
[SourceVersionDate "2024.04.17"]
[SourceQuality "1"]

1. d4 f5 2. c4 Nf6 3. Nf3 g6 4. g3 Bg7 5. Bg2 0-0 6. 0-0 d6 7. Nc3 c6 8. Rb1 a5 9. b3 Qc7 10. d5 cxd5 11. Nxd5 Qd8 12. Nd4 Ne4 13. Nb5 Na6 14. Bxe4 fxe4 15. Bg5 Bf6 16. Nxf6+ exf6 17. Bh6 Re8 18. Nxd6 Re6 19. Nxc8 Rxc8 20. Qc1 Rc7 21. Rd1 Rd7 22. Rxd7 Qxd7 23. Qc2 Nc5 24. Be3 b6 25. Rd1 Qc7 26. Rd5 Nb7 27. Qd2 g5 28. Rd7 Qc6 29. Bxg5 Nd6 30. Rd8+ Kf7 31. Bf4 Ne8 32. Rd7+ Re7 33. Rxe7+ Kxe7 34. Qd4 Ng7 35. Be3 1-0

[Event "SVK-chT2C 2223"]
[Site "Slovakia"]
[Date "2023.03.25"]
[Round "10.5"]
[White "Bulej, Matej"]
[Black "Jelen, Peter"]
[Result "1-0"]
[WhiteElo "1925"]
[BlackElo "2040"]
[PlyCount "87"]
[EventDate "2022.10.08"]
[EventType "team-tourn"]
[EventRounds "11"]
[EventCountry "SVK"]
[SourceTitle "EXT 2024"]
[Source "ChessBase"]
[SourceDate "2023.10.10"]
[SourceVersion "1"]
[SourceVersionDate "2023.10.10"]
[SourceQuality "1"]
[WhiteTeam "Cadca Caissa II"]
[BlackTeam "Ondrasova Krivan"]
[WhiteTeamCountry "SVK"]
[BlackTeamCountry "SVK"]

1. d4 d5 2. Nf3 Nf6 3. c3 g6 4. Bf4 Bg7 5. Nbd2 0-0 6. e3 b6 7. Bd3 Bb7 8. h3 Nbd7 9. 0-0 c5 10. Ne5 Nxe5 11. Bxe5 Nd7 12. Bxg7 Kxg7 13. f4 e6 14. Nf3 f6 15. Qe2 Re8 16. Qf2 Qe7 17. Rae1 Rad8 18. h4 Qf7 19. Qg3 Kh8 20. Qh3 Qg7 21. Rf2 e5 22. fxe5 fxe5 23. Ng5 Qg8 24. Nf7+ Kg7 25. Nxd8 Rxd8 26. Bb5 Nf6 27. dxe5 Ne4 28. Rf4 Bc8 29. Qf3 c4 30. Rd1 Nc5 31. Rxc4 Bf5 32. Rcd4 Rf8 33. Qxd5 Be6 34. Qd6 Nb7 35. Qe7+ Rf7 36. Qg5 h6 37. Qg3 Qc8 38. Ba6 Qc5 39. Bd3 g5 40. hxg5 h5 41. g6 Rc7 42. Qg5 Bg4 43. Qf6+ Kg8 44. Bc4+ 1-0

[Event "SVK-chT2C 2223"]
[Site "Slovakia"]
[Date "2023.01.15"]
[Round "7.5"]
[White "Turcel, Jozef"]
[Black "Bulej, Matej"]
[Result "1/2-1/2"]
[WhiteElo "1992"]
[BlackElo "1925"]
[PlyCount "33"]
[EventDate "2022.10.08"]
[EventType "team-tourn"]
[EventRounds "11"]
[EventCountry "SVK"]
[SourceTitle "EXT 2024"]
[Source "ChessBase"]
[SourceDate "2023.10.10"]
[SourceVersion "1"]
[SourceVersionDate "2023.10.10"]
[SourceQuality "1"]
[WhiteTeam "Zilina Mladost IV"]
[BlackTeam "Cadca Caissa II"]
[WhiteTeamCountry "SVK"]
[BlackTeamCountry "SVK"]

1. e4 c6 2. c4 d5 3. exd5 cxd5 4. d4 Nf6 5. Nc3 Nc6 6. Nf3 Bg4 7. Be2 e6 8. 0-0 dxc4 9. Qa4 Bd6 10. Bg5 0-0 11. Qxc4 Rc8 12. Rfd1 Qa5 13. Qb5 Qxb5 14. Nxb5 Be7 15. Kf1 Rfd8 16. Rac1 h6 17. Be3 1/2-1/2

[Event "SVK-ch U14 rapid"]
[Site "Nitra"]
[Date "2021.09.11"]
[Round "5"]
[White "Bulej, Matej"]
[Black "Skreko, Igor1111"]
[Result "0-1"]
[WhiteElo "1597"]
[BlackElo "1642"]
[PlyCount "60"]
[EventDate "2021.09.11"]
[EventType "swiss (rapid)"]
[EventRounds "7"]
[EventCountry "SVK"]
[SourceTitle "EXT 2023"]
[Source "ChessBase"]
[SourceDate "2022.10.05"]
[SourceVersion "1"]
[SourceVersionDate "2022.10.05"]
[SourceQuality "1"]

1. d4 Nf6 2. Nf3 g6 3. c4 Bg7 4. e3 0-0 5. Be2 d6 6. Nc3 Nbd7 7. 0-0 e5 8. Qc2 Qe7 9. d5 Ne8 10. b4 a5 11. bxa5 Rxa5 12. Na4 b6 13. Bd2 Ra8 14. Nb2 Nc5 15. a4 Bf5 16. Qd1 Bd7 17. Bb4 f5 18. a5 bxa5 19. Bxc5 dxc5 20. Qd2 a4 21. Ne1 e4 22. Ra3 Be5 23. Qc2 Ra6 24. Nxa4 g5 25. Qa2 Rh6 26. g3 f4 27. Nc2 f3 28. Bd1 Bxa4 29. Rxa4 Qd7 30. Ra6 Qh3 0-1

[Event "SVK-ch U14 rapid"]
[Site "Nitra"]
[Date "2021.09.11"]
[Round "6"]
[White "Havalda, Samuel"]
[Black "Bulej, Matej"]
[Result "1/2-1/2"]
[WhiteElo "1572"]
[BlackElo "1597"]
[PlyCount "35"]
[EventDate "2021.09.11"]
[EventType "swiss (rapid)"]
[EventRounds "7"]
[EventCountry "SVK"]
[SourceTitle "EXT 2023"]
[Source "ChessBase"]
[SourceDate "2022.10.05"]
[SourceVersion "1"]
[SourceVersionDate "2022.10.05"]
[SourceQuality "1"]

1. e4 c6 2. d4 d5 3. Nc3 dxe4 4. Nxe4 Nf6 5. Ng5 h6 6. N5f3 Bg4 7. Bd3 Nbd7 8. Bf4 Nd5 9. Bg3 e6 10. h3 Bh5 11. c3 N7f6 12. Qc2 Bxf3 13. Nxf3 Bd6 14. Bxd6 Qxd6 15. 0-0 Nf4 16. Rfe1 Nxd3 17. Qxd3 0-0 18. Ne5 1/2-1/2

[Event "SVK-ch U14"]
[Site "Stara Lubovna"]
[Date "2021.06.28"]
[Round "4"]
[White "Elias, David"]
[Black "Bulej, Matej"]
[Result "1-0"]
[WhiteElo "1877"]
[BlackElo "1743"]
[PlyCount "107"]
[EventDate "2021.06.26"]
[EventType "swiss"]
[EventRounds "9"]
[EventCountry "SVK"]
[SourceTitle "CBM 203 Extra"]
[Source "ChessBase"]
[SourceDate "2021.09.30"]
[SourceVersion "1"]
[SourceVersionDate "2021.09.30"]
[SourceQuality "1"]

1. d4 Nf6 2. Nf3 e6 3. g3 h6 4. Bg2 d5 5. c4 b6 6. 0-0 Bb7 7. Ne5 Nbd7 8. Nc3 c6 9. f4 Bd6 10. e4 dxe4 11. Nxe4 Nxe4 12. Bxe4 Nxe5 13. fxe5 Be7 14. Be3 Bg5 15. Bxg5 Qxg5 16. Qf3 0-0 17. Rad1 Rac8 18. a4 Ba8 19. Qf4 Rcd8 20. Qxg5 hxg5 21. Kf2 f5 22. Bg2 Rd7 23. Ke3 g6 24. b4 c5 25. Bxa8 cxd4+ 26. Rxd4 Rxd4 27. Kxd4 Rxa8 28. c5 Rd8+ 29. Kc4 Rc8 30. Rd1 Rc7 31. Kb5 bxc5 32. bxc5 Kf7 33. c6 Ke7 34. Kc5 g4 35. a5 g5 36. a6 Rc8 37. Rd7+ Ke8 38. Rxa7 f4 39. gxf4 gxf4 40. Rg7 g3 41. hxg3 f3 42. Rg6 Rc7 43. Rf6 Rf7 44. a7 Rxa7 45. Rxf3 Ke7 46. Kb6 Ra2 47. Rb3 Kd8 48. Kb7 Rc2 49. g4 Rc5 50. g5 Rc4 51. g6 Ke7 52. c7 Rc5 53. g7 Rc4 54. c8Q 1-0

[Event "EU-ch U12"]
[Site "Bratislava"]
[Date "2019.08.08"]
[Round "7"]
[White "Bulej, Matej"]
[Black "Svoboda, Daniel"]
[Result "1-0"]
[WhiteElo "1700"]
[BlackElo "1460"]
[PlyCount "43"]
[EventDate "2019.08.02"]
[EventType "swiss"]
[EventRounds "9"]
[EventCountry "SVK"]
[SourceTitle "EXT 2020"]
[Source "ChessBase"]
[SourceDate "2019.10.17"]
[SourceVersion "1"]
[SourceVersionDate "2019.10.17"]
[SourceQuality "1"]

1. Nf3 g6 2. g3 Bg7 3. Bg2 d6 4. c4 Nf6 5. Nc3 0-0 6. 0-0 Nbd7 7. b3 e5 8. Bb2 Re8 9. d4 e4 10. Ne1 e3 11. f3 c6 12. Nc2 Nb6 13. Bc1 Bh6 14. Nb4 a5 15. Nd3 Bf5 16. Bb2 Qe7 17. d5 cxd5 18. Nxd5 Nbxd5 19. cxd5 Nxd5 20. f4 Bxd3 21. Bxd5 Ba6 22. Qd4 1-0

[Event "SVK-ch U10"]
[Site "Liptovsky Mikulas"]
[Date "2017.04.26"]
[Round "7"]
[White "Bulej, Matej"]
[Black "Pivoda, Szabolcs"]
[Result "1-0"]
[WhiteElo "1000"]
[BlackElo "1000"]
[PlyCount "52"]
[EventDate "2017.04.22"]
[EventType "swiss"]
[EventRounds "9"]
[EventCountry "SVK"]
[SourceTitle "CBM 178 Extra"]
[Source "ChessBase"]
[SourceDate "2017.06.22"]
[SourceVersion "1"]
[SourceVersionDate "2017.06.22"]
[SourceQuality "1"]

1. d4 d5 2. Bf4 Nc6 3. Nf3 Nf6 4. Nc3 e6 5. a3 Be7 6. e3 0-0 7. Bd3 Bd7 8. 0-0 Bd6 9. Bxd6 cxd6 10. Ne2 e5 11. dxe5 dxe5 12. Bb5 Qc7 13. c4 dxc4 14. Bxc4 e4 15. Nd2 Ng4 16. Ng3 Bf5 17. h3 Nf6 18. Nxf5 Na5 19. Rc1 Qd7 20. Ng3 Qc6 21. Bxf7+ Rxf7 22. Rxc6 Nxc6 23. Ndxe4 Rd8 24. Qb3 Na5 25. Qe6 Kf8 26. Ng5 Nc6 1-0